| 000 | 00493nam a22001457a 4500 | ||
|---|---|---|---|
| 999 |
_c11204 _d11204 |
||
| 008 | 160625b xxu||||| |||| 00| 0 eng d | ||
| 050 |
_aJK765 _b.K46 2014 |
||
| 100 | _aKenyatta University | ||
| 245 |
_aStudent Catalogue/ _b2014-2017 _cKenyatta University |
||
| 260 |
_aKenya: _bKenyatta University, _c2014. |
||
| 300 |
_axx, 272 p. ; _c29cm. |
||
| 440 | _n2014-2017 | ||
| 650 |
_aKU catalogue _xkenyatta university _yCourses |
||
| 942 |
_2lcc _cREF_BOOK _hREF JK765 .K46 2014 |
||